| 000 | 00408nam a2200133Ia 4500 | ||
|---|---|---|---|
| 008 | 191014s9999 xx 000 0 und d | ||
| 020 | _a81-317-1267-2 | ||
| 082 |
_a530 _bTAY |
||
| 100 |
_aJohn R. taylor, Chris D. Zafirratos, Michael A. Dubson _923863 |
||
| 245 | 0 | _aModern Engineering Physics for Scientists and Engineers(2nd Edition) | |
| 260 |
_aIndia _bPearson _c2007 |
||
| 300 | _aXvi,720 | ||
| 942 | _cBK | ||
| 999 |
_c531388 _d531388 |
||